[Event "Yingmei CHN-chT 2018"]
[Site "Shenzhen"]
[Date "2018.04.12"]
[Round "2"]
[White "Harikrishna, P.."]
[Black "Peng, Hongchi"]
[Result "1-0"]
[WhiteElo "2727"]
[BlackElo "2312"]
[Annotator "TA"]
[PlyCount "96"]
[EventDate "2018.??.??"]
[EventCountry "CHN"]
[SourceTitle "playchess.com"]
[Source "ChessBase"]
[SourceQuality "1"]

{[%evp 25,96,48,57,31,85,81,88,85,106,105,126,120,137,100,110,103,109,117,138,139,141,135,143,149,145,146,156,148,147,115,167,174,220,223,222,222,224,224,222,220,236,222,252,203,202,192,402,402,468,388,490,299,343,335,348,349,340,324,345,340,404,397,443,443,611,649,637,597,953,831,906,845,29985]} 1. e4 e6 2. d4 d5 3. Nd2 dxe4 4. Nxe4 Nd7 5. Nf3 Ngf6 6. Bd3 c5 7. O-O Nxe4 8. Bxe4 Nf6 9. Bg5 cxd4 {C10: French with 3 Nc3: Unusual Black 3rd moves and 3...dxe4} 10. Nxd4 Be7 11. Bf3 a6 (11... O-O 12. Qd3 Bc5 13. Rad1 e5 14. Nb3 Qxd3 15. cxd3 Bb6 16. Rfe1 h6 17. Bh4 Be6 18. Rxe5 Rac8 19. Re2 Rfd8 20. h3 Rd7 21. Rc1 Rcd8 22. Bxf6 {½-½ (22) Alekseev,E (2616)-Meier,G (2647) Tallinn 2018}) 12. Bf4 $146 ({Predecessor:} 12. Re1 O-O 13. c3 Qa5 14. Bf4 Rd8 15. Qe2 Nd5 16. Bg3 Bf6 17. Nb3 {½-½ (44) Buckan,J (2079)-Poulsen,M (2256) Kiel 2003}) 12... O-O 13. c3 Nd5 {LiveBook: 4 Games} 14. Bg3 Qb6 (14... Bf6 $14) 15. Qb3 $16 Qxb3 16. axb3 Bc5 17. Rfd1 Ra7 18. Nc2 Be7 19. Bxd5 exd5 20. Ne3 d4 21. Nd5 Bf6 22. Nxf6+ gxf6 23. Rxd4 Re8 24. Bh4 Kg7 25. Rd6 Be6 26. b4 Raa8 27. Rd3 Bf5 (27... f5 $16 {was necessary.} 28. Rg3+ Kh6 29. Bg5+ Kh5) 28. Rf3 $18 Re5 {[#]} 29. g4 $1 {[%mdl 512]} Be4 (29... Bxg4 30. Rg3) 30. Bxf6+ Kg6 31. Rf4 ({Resist} 31. Bxe5 $6 Bxf3 32. h3 Re8 $16) 31... Re6 32. Bd4 Bc6 33. h4 h5 34. Kh2 {Strongly threatening b5.} hxg4 35. Rxg4+ Kf5 $2 (35... Kh6 {was worth a try.} 36. Be3+ Kh7) 36. Rg5+ Kf4 37. b5 Be4 38. Re1 {[#] White threatens Be3+ and mate.} f5 39. bxa6 Raxa6 40. Be3+ Ke5 41. Kg3 Kd5 42. Bd4 Rg6 43. Kf4 Kc4 44. f3 {[%cal Bf2f3,Bf3f4][%mdl 32] White is clearly winning.} Bd3 45. Rxg6 Rxg6 46. h5 Rh6 47. Kg5 Rh7 48. f4 Rh8 {Precision: White = 96%, Black = 12%.} 1-0

[Event "Yingmei CHN-chT 2018"]
[Site "Shenzhen"]
[Date "2018.04.12"]
[Round "2"]
[White "Bu, Xiangzhi"]
[Black "Li, Yankai"]
[Result "1/2-1/2"]
[WhiteElo "2725"]
[BlackElo "2430"]
[Annotator "TA"]
[PlyCount "62"]
[EventDate "2018.??.??"]
[EventCountry "CHN"]
[SourceTitle "playchess.com"]
[Source "ChessBase"]
[SourceQuality "1"]

{[%evp 15,62,2,5,-32,6,0,29,42,57,7,5,0,-5,-8,0,-8,0,-2,-1,-96,-82,-102,-100,-97,-20,-155,-145,-145,-140,-108,-123,-118,-137,-179,-191,-190,-177,-169,-185,-184,-182,-177,-180,-164,-177,-188,-189,-170,-150]} 1. Nf3 d5 2. d4 Nf6 3. c4 e6 4. Bg5 Be7 5. Nc3 h6 6. Bxf6 Bxf6 7. Qb3 dxc4 {D53: Queen's Gambit Declined: 4 Bg5 Be7: Early deviations} 8. Qxc4 O-O {LiveBook: 20 Games} 9. g3 (9. e3 b6 10. Be2 Bb7 11. O-O Nd7 12. Rfd1 a6 13. a4 Rc8 14. b4 c5 15. dxc5 bxc5 {1-0 (59) Bu,X (2730)-Cheparinov,I (2710) Riadh 2017}) 9... Nd7 {Black is slightly better.} (9... b5 $5 10. Qxb5 (10. Nxb5 Ba6 $11) 10... Nd7 $11) 10. Bg2 a6 $146 ({Predecessor:} 10... e5 11. d5 Nb6 12. Qb3 Bf5 13. Nd2 Rb8 14. O-O c6 15. e4 {½-½ (84) Uhlmann,W (2505)-Hjartarson,J (2415) Leningrad (Russia) 1984}) 11. Ne4 b5 12. Qc2 Bb7 13. O-O Bxe4 14. Qxe4 c5 15. Rfd1 Rc8 16. Qb7 Qb6 $36 {[%mdl 2048] Black has the initiative.} 17. Qxd7 (17. Ne5 $11 Qxb7 18. Bxb7) 17... Rfd8 18. Ne5 Rxd7 19. Nxd7 Qa5 (19... Qc7 $17 20. dxc5 Bxb2) 20. dxc5 (20. Nxc5 $11 Be7 21. a3) 20... Bxb2 $17 21. Rab1 Qxa2 22. Bb7 Rc7 23. c6 a5 24. Nc5 {Black is clearly better.} Qc4 25. Na6 Rxc6 26. Bxc6 Qxc6 27. Nb4 Qc3 ({Stronger than} 27... axb4 28. Rxb2 f5 29. Rdb1 $14) 28. Nd3 Ba3 29. Rxb5 a4 30. Rb8+ Kh7 31. Rb7 Bd6 {Precision: White = 40%, Black = 71%.} 1/2-1/2

[Event "Yingmei CHN-chT 2018"]
[Site "Shenzhen"]
[Date "2018.04.12"]
[Round "2"]
[White "Andreikin, Dmitry"]
[Black "Li, Chao b"]
[Result "1/2-1/2"]
[WhiteElo "2702"]
[BlackElo "2732"]
[Annotator "TA"]
[PlyCount "66"]
[EventDate "2018.??.??"]
[EventCountry "CHN"]
[SourceTitle "playchess.com"]
[Source "ChessBase"]
[SourceQuality "1"]

{[%evp 14,66,35,16,22,16,19,18,8,15,18,0,0,0,0,0,0,0,0,0,0,0,0,-29,-29,-30,-22,-31,-21,-32,-29,-30,0,7,12,12,12,14,14,14,14,14,14,14,13,6,7,6,6,6,6,6,6,6,6]} 1. e4 e5 2. Nf3 Nf6 3. d4 Nxe4 4. Bd3 d5 5. Nxe5 Nd7 6. Nxd7 Bxd7 7. O-O Be7 8. Nd2 {LiveBook: 3 Games. C43: Petroff Defence: 3 d4} (8. Nc3 Nf6 9. Bf4 O-O 10. h3 c6 11. Ne2 Re8 12. c3 Nh5 13. Be5 g6 14. Qc2 Be6 15. Rae1 f6 {0-1 (114) Fier,A (2634)-Wang,Y (2737) Baku 2016}) 8... Nf6 9. h3 O-O 10. Nf3 Re8 $146 ({Predecessor:} 10... c5 11. c3 c4 12. Bc2 Re8 13. Re1 h6 14. Ne5 Bd6 15. Qf3 b5 {1-0 (30) Crielesi,G-MacMillen,A (1725) ICCF email 2016}) 11. c3 c5 12. Be3 c4 13. Bc2 Bd6 14. Ne5 Bxe5 15. dxe5 Rxe5 16. Bd4 Re8 17. Re1 Ne4 18. f3 Ng5 19. Qd2 Ne6 20. Bf2 Bc6 21. Bf5 Qf6 22. Bxe6 fxe6 23. Bd4 {The position is equal.} e5 {[#]} 24. Rxe5 $1 {[%mdl 512]} Rxe5 25. f4 $1 {[#]} Re2 $1 {[%mdl 512]} 26. Qxe2 Qxf4 27. Rf1 Qd6 28. Qg4 $36 {[%csl Gd4][%cal Rg4g7][%mdl 2048] White is pushing.} Qd7 29. Qf4 {White wants to play Rf3.} Qe7 30. Rf3 {Black must now prevent Bxg7!} Rf8 31. Qxf8+ Qxf8 32. Rxf8+ Kxf8 33. Bxa7 Kf7 {Precision: White = 64%, Black = 93%.} 1/2-1/2

[Event "Yingmei CHN-chT 2018"]
[Site "Shenzhen"]
[Date "2018.04.12"]
[Round "2"]
[White "Ni, Hua"]
[Black "Liu, Zhaoqi"]
[Result "1-0"]
[WhiteElo "2670"]
[BlackElo "2167"]
[Annotator "TA"]
[PlyCount "81"]
[EventDate "2018.??.??"]
[EventCountry "CHN"]
[SourceTitle "playchess.com"]
[Source "ChessBase"]
[SourceQuality "1"]

{[%evp 28,81,23,31,61,53,60,21,23,12,32,42,79,36,74,72,59,40,60,49,150,147,172,181,224,234,246,253,443,441,447,409,450,454,441,374,2011,1925,1928,1914,1679,1689,12839,12839,12840,12840,12841,12841,12840,12840,12841,12841,29996,29997,29997,29998]} 1. d4 Nf6 2. c4 c5 3. d5 e6 4. g3 exd5 5. cxd5 d6 6. Nc3 g6 7. Nf3 Bg7 8. Bg2 O-O 9. O-O Re8 10. Re1 a6 11. a4 Nbd7 12. Bf4 Qc7 13. h3 Rb8 14. e4 {A63: Modern Benoni: Fianchetto Variation: 9...Nbd7} (14. a5 b5 15. axb6 Nxb6 16. Rc1 Ne4 17. Nxe4 Rxe4 18. b3 a5 19. Nd2 Rd4 20. e4 Ba6 21. Be3 Rb4 {0-1 (38) Xiong,J (2652)-Vachier Lagrave,M (2795) chess.com INT 2017}) 14... Nh5 15. Bd2 {LiveBook: 3 Games} b5 16. axb5 {White is slightly better.} axb5 17. g4 (17. Bf1 $5 {[%cal Rc3b5]} c4 18. g4 $14) 17... Nhf6 18. Bf1 $1 b4 19. Nb5 {[%cal Bc3b5,Bb5a7,Ba7c6][%mdl 32]} Qb6 20. Qc2 Re7 $146 ({Predecessor:} 20... Bb7 21. Bf4 Bf8 {1-0 (42) Bilobrk,F (2348)-Brulic,D (2147) Zadar 2002}) 21. Na7 {Strongly threatening Nc6.} Bb7 {[#]} 22. Nc6 $1 $36 {[%cal Rc6e7][%mdl 2560] Black is under pressure.} Bxc6 23. Ra6 $1 {[%cal Ra6b6] [#]} Qd8 ({Of course not} 23... b3 $6 24. Qd1 $16) ({Better is} 23... Ba4 $1 $14 {[%mdl 512]} 24. Qxa4 (24. Rxa4 Rbe8) 24... Qd8) 24. dxc6 $16 Nb6 25. Bf4 {aiming for e5.} Ne8 {[#]} 26. e5 $1 {[%cal Re5d6] Threatens to win with exd6.} dxe5 27. Qxc5 Nc7 $2 (27... Qd6 {might work better.} 28. Qxd6 Nxd6 29. Bxe5 Bxe5) 28. Rxb6 $18 Rxb6 {[#]} 29. Bg5 $1 {[%cal Rg5e7]} ({Less strong is} 29. Qxb6 exf4 30. Rxe7 (30. Qxb4 Rxe1 31. Nxe1 Qe8 $16) 30... Qxe7 $16) 29... f6 {intending ...Rb8.} 30. Qxb6 fxg5 31. Nxg5 Qd2 $2 (31... Bh6 32. Bc4+ Kg7) 32. Bc4+ Kh8 33. Qb8+ Ne8 {[#]} 34. c7 $1 {[%mdl 512]} Qxe1+ (34... Rxc7 35. Qxe8+) 35. Kg2 h6 36. c8=Q {Qxe8+ would kill now.} hxg5 37. Qxe8+ Rxe8 38. Qxe8+ Kh7 39. Bd3 Qd2 40. Bxg6+ Kh6 41. Be4 {Precision: White = 92%, Black = 18%.} 1-0

[Event "Yingmei CHN-chT 2018"]
[Site "Shenzhen"]
[Date "2018.04.12"]
[Round "2"]
[White "Zhou, Weiqi"]
[Black "Yu, Yangyi"]
[Result "0-1"]
[WhiteElo "2603"]
[BlackElo "2760"]
[Annotator "TA"]
[PlyCount "106"]
[EventDate "2018.??.??"]
[EventCountry "CHN"]
[SourceTitle "playchess.com"]
[Source "ChessBase"]
[SourceQuality "1"]

{[%evp 21,106,19,17,11,25,17,18,17,20,14,31,31,47,23,30,-50,-60,-46,-50,-48,-61,-56,-47,-38,-53,-55,-61,-56,-52,-55,-50,-58,-60,-60,-42,-39,-42,-69,-62,-71,-61,-50,-56,-104,-82,-80,-62,-73,-73,-74,-74,-74,-81,-97,-99,-128,-128,-128,-128,-245,-199,-254,-234,-308,-281,-392,-369,-493,-443,-895,-881,-868,-855,-878,-980,-989,-854,-1035,-1043,-1043,-952,-863,-782,-4137,-4137,-6079,-4137]} 1. d4 d6 2. e4 Nf6 3. Nc3 Nbd7 4. Nf3 e5 5. Bc4 Be7 6. O-O O-O 7. Re1 c6 8. a4 a5 9. b3 exd4 10. Nxd4 Ne5 11. Bf1 Re8 {LiveBook: 3 Games. C41: Philidor Defence} 12. Ba3 Qb6 13. Qd2 Bd7 {The position is equal.} 14. Rad1 Rad8 15. f3 $146 ({Predecessor:} 15. h3 Bc8 16. Kh2 Bf8 17. f4 Ned7 18. Qf2 Nc5 19. e5 dxe5 20. fxe5 {½-½ (41) Nakhapetiane,P (2469)-Seliverstov,V (2304) Moscow 2011}) 15... h6 16. Qf2 Bf8 17. Nde2 Qc7 18. h3 ({Better is} 18. Nf4 $11) 18... b5 $1 $15 {[%cal Rb5b4] Hoping for ...b4.} 19. axb5 cxb5 {[%cal Bc6b5,Bb5b4][%mdl 32] Threatens to win with ...b4.} 20. Nd5 Nxd5 ({Much worse is} 20... Qxc2 $6 21. Nxf6+ gxf6 22. Qg3+ (22. Bxd6 Be6 $14) 22... Ng6 23. Nd4 $16 (23. Bxd6 Be6 $11)) 21. Rxd5 b4 22. Bb2 Qxc2 23. Nd4 Qxf2+ 24. Kxf2 a4 25. bxa4 Bxa4 26. Ra5 Ra8 27. Rxa8 Rxa8 28. Ra1 Nd7 29. Bb5 Nb6 30. Ke2 d5 31. Bxa4 Rxa4 32. Nb3 dxe4 33. fxe4 g5 34. Kd3 Bg7 35. Rxa4 Nxa4 $17 {[%mdl 4096] Endgame KBN-KBN} 36. Bc1 Bc3 37. h4 f6 {[%cal Bf7f6,Bf6g5][%mdl 32]} 38. hxg5 fxg5 39. Kc4 Nb6+ 40. Kc5 (40. Kb5 $17 Nd7 41. Nd2) 40... Nd7+ $19 41. Kd6 (41. Kb5 {keeps fighting.}) 41... Ne5 42. Ke6 Kg7 43. Be3 Kg6 44. Bb6 h5 {[%cal Bh6h5,Bh5h4,Bh4h3][%mdl 32] Black is clearly winning.} 45. Bc7 (45. Kd5 $142 Nd3 46. Kc4) 45... Nd3 46. Kd5 h4 47. e5 Nf4+ 48. Ke4 Nxg2 49. e6 h3 50. Bg3 {[#]} Nf4 $1 51. e7 (51. Bxf4 gxf4) 51... Kf7 52. Kf5 Ne2 53. Bd6 Nd4+ {Precision: White = 28%, Black = 81%.} 0-1

[Event "Yingmei CHN-chT 2018"]
[Site "Shenzhen"]
[Date "2018.04.12"]
[Round "2"]
[White "Zhao, Jun"]
[Black "Wang, Yue"]
[Result "1/2-1/2"]
[WhiteElo "2601"]
[BlackElo "2690"]
[Annotator "TA"]
[PlyCount "64"]
[EventDate "2018.??.??"]
[EventCountry "CHN"]
[SourceTitle "playchess.com"]
[Source "ChessBase"]
[SourceQuality "1"]

{[%evp 25,64,7,7,9,8,8,8,8,7,7,15,5,14,7,13,3,8,0,0,4,6,6,11,6,23,0,0,0,0,0,0,0,0,0,0,0,0,0,0,0,0]} 1. d4 Nf6 2. c4 e6 3. Nf3 d5 4. g3 Be7 5. Bg2 O-O 6. O-O dxc4 7. Qc2 a6 8. a4 Bd7 9. Qxc4 Bc6 10. Bg5 Nbd7 {[%cal Bb8d7,Bd7f6,Bf6d5,Bd5b4][%mdl 32]} 11. Nc3 h6 12. Bxf6 {E05: Open Catalan: 5 Nf3 Be7} Nxf6 13. Rfd1 Bd5 {LiveBook: 3 Games} 14. Qd3 Bxf3 15. Bxf3 c6 16. e3 a5 {[#]} 17. Rac1 $146 ({Predecessor:} 17. Ne4 Nxe4 18. Bxe4 Qc7 19. Qc2 Rfd8 {½-½ (30) Ni,H (2713)-Wei,Y (2725) Zaozhuang 2015}) 17... Nd5 18. Ne4 Qb6 19. Qc2 Nb4 20. Qe2 Qa6 21. Nc5 Bxc5 22. Rxc5 Qxe2 23. Bxe2 Rfd8 24. Kg2 Rd5 25. Rdc1 Na2 {The position is equal.} 26. R1c2 Nb4 27. Rc1 Na2 28. R1c2 Nb4 29. Rc1 Kf8 30. h4 Na2 31. R1c2 Nb4 32. Rc1 Na2 {Precision: White = 41%, Black = 68%.} 1/2-1/2

[Event "Yingmei CHN-chT 2018"]
[Site "Shenzhen"]
[Date "2018.04.12"]
[Round "2"]
[White "Wen, Yang"]
[Black "Malakhov, Vladimir"]
[Result "1/2-1/2"]
[WhiteElo "2585"]
[BlackElo "2689"]
[Annotator "TA"]
[PlyCount "61"]
[EventDate "2018.??.??"]
[EventCountry "CHN"]
[SourceTitle "playchess.com"]
[Source "ChessBase"]
[SourceQuality "1"]

{[%evp 28,61,0,0,0,0,1,3,0,0,0,0,0,0,0,0,0,0,0,0,0,0,0,0,0,0,0,0,0,0,0,0,0,0,0,0]} 1. e4 e5 2. Nf3 Nc6 3. Bb5 Nf6 {[%cal Bg8f6,Bf6e4,Be4d6,Bd6f5,Bf5h4,Bh4f3][%mdl 32]} 4. O-O Nxe4 5. Re1 Nd6 6. Nxe5 Be7 7. Bf1 Nxe5 8. Rxe5 O-O 9. d4 Bf6 10. Re1 Nf5 11. c3 d5 {C67: Ruy Lopez: Berlin Defence: 4 0-0 Nxe4} 12. Bf4 c6 13. Nd2 Nh4 14. Nf3 (14. Bd3 Bf5 15. Bxf5 Nxf5 16. Nf3 Qd7 17. Ne5 Bxe5 18. Rxe5 f6 19. Re1 {½-½ (27) Adams,M (2715)-Aronian,L (2805) London 2017}) 14... Bg4 15. Be2 $1 {LiveBook: 6 Games. The position is equal.} Bxf3 16. Bxf3 Nxf3+ 17. Qxf3 Qd7 18. Re3 $146 ({Predecessor:} 18. Be5 Bxe5 19. Rxe5 {½-½ (30) Schnegg,A (2072)-Hapala,E (2074) Vienna 2015}) 18... Rfe8 19. Rae1 Rxe3 20. Qxe3 Kf8 21. h3 Re8 22. Bd6+ Be7 23. Bxe7+ Qxe7 24. Qxe7+ Rxe7 25. Kf1 Rxe1+ 26. Kxe1 $11 {KP-KP} Ke7 27. f4 f5 28. Ke2 h5 29. h4 b5 30. b4 Ke6 31. Ke3 {Precision: White = 72%, Black = 100%.} 1/2-1/2

[Event "Yingmei CHN-chT 2018"]
[Site "Shenzhen"]
[Date "2018.04.12"]
[Round "2"]
[White "Xu, Xiangyu"]
[Black "Lan, Zilun"]
[Result "1-0"]
[WhiteElo "2574"]
[BlackElo "2347"]
[Annotator "TA"]
[PlyCount "49"]
[EventDate "2018.??.??"]
[EventCountry "CHN"]
[SourceTitle "playchess.com"]
[Source "ChessBase"]
[SourceQuality "1"]

{[%evp 25,49,23,12,18,20,20,83,82,67,42,57,59,68,69,51,54,123,125,134,130,116,112,270,260,387,384]} 1. d4 Nf6 2. c4 e6 3. g3 Bb4+ 4. Nd2 d5 5. Bg2 O-O 6. Ngf3 b6 7. O-O Bb7 8. a3 Be7 9. cxd5 exd5 10. b4 {E16: Queen's Indian: 4 g3 Bb7 5 Bg2 Bb4+} Nbd7 {[%cal Bb8d7,Bd7c5,Bc5e4][%mdl 32]} (10... a5 11. b5 c6 12. bxc6 Nxc6 13. Bb2 a4 14. Ne5 Nxe5 15. dxe5 Ne4 16. Nxe4 dxe4 17. Qc2 Qd5 {1-0 (57) Fedoseev,V (2718)-Riazantsev,A (2650) St Petersburg 2017}) 11. Bb2 c5 12. dxc5 bxc5 13. bxc5 Nxc5 {[#] LiveBook: 3 Games} 14. Rc1 $146 ({Find the theoretical novelty and annotate with similar games:} 14. Nb3 Na4 15. Bd4 Ne4 16. Qd3 Bf6 17. Bxf6 Qxf6 18. Na5 Ba6 19. Qxd5 Nac3 20. Qe5 Qb6 21. Nb3 Qxb3 22. Nd4 Qc4 23. e3 Rae8 24. Qf4 Qxd4 {0-1 (24) Gunina,V (2535)-Goryachkina,A (2460) Novosibirsk 2016}) 14... Nfe4 15. Nd4 Qb6 (15... Qd7 $11) 16. Nxe4 Nxe4 17. Rb1 Bf6 18. Ba1 Qa6 19. Qb3 $36 {[%mdl 2048] White has good play.} Rab8 {Black wants to play ...Nd2.} 20. Rfd1 Qa5 (20... Be5 $14) 21. Bxe4 $16 dxe4 {[#]} 22. Nc6 $1 {[%cal Rc6a5][%mdl 512]} Bxc6 23. Qxb8 Bxa1 $2 (23... Ba4 $16) 24. Qd6 $18 Ba4 (24... e3 {was necessary.}) 25. Rb8 {Precision: White = 94%, Black = 21%.} ({Weaker is} 25. Rxa1 Bxd1 26. Rxd1 h6 $14) 1-0

[Event "Yingmei CHN-chT 2018"]
[Site "Shenzhen"]
[Date "2018.04.12"]
[Round "2"]
[White "Xu, Yinglun"]
[Black "Jakovenko, Dmitry"]
[Result "0-1"]
[WhiteElo "2545"]
[BlackElo "2732"]
[Annotator "TA"]
[PlyCount "98"]
[EventDate "2018.??.??"]
[EventCountry "CHN"]
[SourceTitle "playchess.com"]
[Source "ChessBase"]
[SourceQuality "1"]

{[%evp 26,98,10,0,0,0,0,-9,0,0,0,0,31,43,39,56,41,0,0,0,0,0,0,0,0,0,0,0,0,0,0,0,84,72,106,71,86,25,102,114,98,104,117,97,97,81,93,93,97,0,0,-17,-12,-22,-16,-122,-116,-127,-22,-327,-337,-348,-339,-338,-331,-333,-326,-287,-263,-404,-301,-553,-541,-525,-461]} 1. d4 Nf6 2. c4 e6 3. Nf3 b6 4. g3 Ba6 5. Qa4 Bb7 6. Bg2 c5 7. dxc5 bxc5 8. O-O Be7 9. Nc3 O-O 10. Rd1 Qb6 11. Bf4 d6 12. Rab1 {E15: Queen's Indian: 4 g3 sidelines, 4 g3 Ba6 and 4 g3 Bb7 early deviations} Nbd7 13. b4 Rfb8 14. a3 {LiveBook: 9 Games. The position is equal.} h6 15. h3 a6 {[#]} 16. Qa5 $146 {aiming for Qxb6.} ({Find the theoretical novelty and annotate with similar games:} 16. g4 Qc7 17. Qa5 Qxa5 18. bxa5 Ne8 19. Ne5 Nxe5 20. Bxb7 Nxc4 21. Bxa8 Rxa8 {½-½ (32) Navara,D (2730)-Tomashevsky,E (2728) Wijk aan Zee 2016}) 16... Qxa5 17. bxa5 Ne8 18. Ne5 $1 {[%cal Re5d7]} Nxe5 19. Bxb7 ({Don't play} 19. Rxb7 Rxb7 20. Bxb7 Ra7 $17) 19... Nxc4 20. Bxa8 Rxa8 21. Rb7 Kf8 $1 22. Na4 Nxa5 23. Nb6 {Hoping for Rxe7.} Nxb7 24. Nxa8 Na5 25. Rb1 Bd8 26. Rb8 Ke7 $1 27. Bd2 Nc4 28. Rb7+ $1 Kf6 (28... Kf8 $11 29. Be1 Nf6) 29. Bc3+ $16 e5 30. f4 g6 31. fxe5+ (31. Rd7 $16 Be7 32. fxe5+ dxe5 33. Ra7) 31... dxe5 (31... Ke6 $1 $11 {keeps the balance.}) 32. Rd7 $1 {[%cal Rd7d8]} Be7 33. Ra7 $1 a5 34. Bxa5 Nxa3 {[#]} 35. Ra6+ $1 Kf5 36. Bd2 {[%mdl 1024] White has strong compensation.} c4 37. Bc1 (37. Rc6 $16) 37... Nb5 $11 38. Rc6 Ned6 {And now ...Nd4 would win.} 39. Kf1 $1 h5 40. Nc7 (40. Nb6 $11) 40... Nd4 $17 41. Ra6 {[#]} Ke4 ({Black should play} 41... Ne4 $1 $17 {[%cal Re4g3]} 42. Nd5 Nxg3+ 43. Kg2 Bh4) 42. Bd2 $2 {[%mdl 8192]} (42. g4 $11) 42... N6f5 $19 43. Kf2 Bc5 {White must now prevent ...Nf3+.} 44. Ke1 Nxg3 45. Ra4 Ngxe2 46. Rxc4 Bb6 {Threatens to win with ...Kd3.} 47. Nb5 (47. Na6 {was called for.}) 47... Ng1 48. Nxd4 $2 (48. Kf1 {is a better defense.}) 48... Bxd4 (48... exd4 $2 49. Rc8 $19) 49. Rc7 f6 {Precision: White = 54%, Black = 71%.} 0-1

[Event "Yingmei CHN-chT 2018"]
[Site "Shenzhen"]
[Date "2018.04.12"]
[Round "2"]
[White "Zeng, Chongsheng"]
[Black "Wang, Yiye"]
[Result "1-0"]
[WhiteElo "2542"]
[BlackElo "2448"]
[Annotator "TA"]
[PlyCount "75"]
[EventDate "2018.??.??"]
[EventCountry "CHN"]
[SourceTitle "playchess.com"]
[Source "ChessBase"]
[SourceQuality "1"]

{[%evp 15,75,4,23,4,5,0,9,0,37,38,22,28,28,35,53,60,56,43,91,82,90,83,60,48,64,50,57,71,68,28,45,30,38,37,32,41,45,37,34,21,162,141,135,91,87,90,97,79,108,112,144,147,131,148,200,206,461,556,29991,29992,29994,254]} 1. d4 Nf6 2. c4 e6 3. g3 d5 4. Nf3 Be7 5. Bg2 O-O 6. O-O dxc4 7. Ne5 Qd6 8. Nxc4 {E05: Open Catalan: 5 Nf3 Be7} (8. Na3 Rd8 9. Naxc4 Qa6 10. Qc2 Rxd4 11. Bg5 Nbd7 12. Rfd1 Rxd1+ 13. Rxd1 Nxe5 14. Nxe5 Qa5 15. Bf4 Nd5 {½-½ (54) Kramnik,V (2800)-Mamedyarov,S (2809) Berlin 2018}) 8... Qa6 $1 {[%cal Ra6c4] LiveBook: 18 Games} 9. b3 Rd8 10. Nc3 {The position is equal.} c5 11. a4 cxd4 $146 ({Predecessor:} 11... Bd7 12. dxc5 Bc6 13. Qc2 Bxg2 14. Kxg2 Bxc5 15. Bg5 {1-0 (38) Petrosyan,M (2530)-Dragnev,V (2430) Khanty-Mansiysk 2016}) 12. Nb5 $1 {[%cal Rb5c7]} Ne8 $1 13. Ba3 (13. Nxd4 $2 Bf6 $19) 13... Bxa3 14. Nbxa3 f6 15. f4 {And now b4 would win.} e5 16. f5 {aiming for b4.} Nd6 17. b4 {[%cal Bb3b4,Bb4b5][%mdl 32]} Nxf5 ({Wrong is} 17... Nxc4 $2 18. Qb3 $18) 18. b5 Qe6 {...Ne7 is the strong threat.} 19. Bh3 Qe7 {White must now prevent ...Nxg3!} ({Of course not} 19... g6 $6 20. e4 $16) 20. Bxf5 Bxf5 21. Rxf5 Nd7 22. Qb3 {Hoping for Nb6+.} Kh8 23. Raf1 Nc5 24. Qb4 Rac8 25. Nd2 Qe6 26. Nac4 h6 27. b6 Na6 {[#]} (27... a6 $11) 28. Qb1 $1 $18 axb6 29. Nxb6 Rc6 30. a5 Nc5 31. Qb5 Qa2 32. Nbc4 d3 33. e3 Ne4 34. Nxe4 Rxc4 (34... Qxc4 $16 35. Qxc4 Rxc4) 35. Qb6 ({Don't do} 35. Qxb7 $6 Qxa5 36. Nxf6 Qc5 $14) 35... Rcc8 $2 {[#]} (35... Rf8 {was called for.}) 36. Rxf6 $1 {[%mdl 512]} gxf6 37. Qxf6+ Kg8 38. Qg6+ {Precision: White = 73%, Black = 51%.} 1-0